00305nam a2200109Ia 4500008004100000020001500041100001500056245005900071260001300130500002400143650002800167230524s9999 xx 000 0 und d a1403911029 aShiv Khera 0aLiving with Honour: What?s Easy to See is Easy to Miss bMcMillan aQuantity Number: 1 aPersonality Development